000 00285nam a22001337a 4500
008 181016b xxu||||| |||| 00| 0 eng d
020 _a9781904332497
041 _aeng
080 _a316
100 _a50
101 _aSOC
245 _aDiscarded Science
_cGrant, J
942 _2udc
_cBK
999 _c49935
_d49935